000 00288nam a22001337a 4500
008 170907b xxu||||| |||| 00| 0 eng d
020 _a9780130625045
041 _aeng
080 _a91
100 _a42
101 _aGJEO
245 _aWORLD GEOGRAPHY
_cBAERWALD,TH.J
942 _2udc
_cBK
999 _c26604
_d26604